00707nam a22001697a 4500020001800000082001200018100001700030245007900047260003500126300003500161500005100196650005400247700005000301942000700351999001700358952016200375 a9780470996171 a621.381 aLiu Duixian  a Advanced millimeter-wave technologies : antennas, packaging and circuits a[Hoboken, NJbJohn Wileyc2009 axxii, 827 p.bill. ; e 26 cm. aIncludes bibliographical references and index. a1. Millimeter wave devices. 2. Millimeter waves. aGaucher Brian, Pfciffer Ullrich, Grzyb Janusz cBK c12050d12050 001040708NFICaCLbCLcGENd2013-07-03eA&J Def Tek Consultantsg15797.76l1o621.381 LIUpSEECS012444q2026-05-29r2026-04-29s2026-04-29w2013-07-12yBK